|
|
|
|
| LEADER |
00000nam a22000007a 4500 |
| 005 |
2022080800410.0 |
| 007 |
cr|||| |||| |
| 008 |
220808s2017 br |||||s|||| 00||0 por d |
| 020 |
|
|
|a 978-85-93741-01-2
|
| 035 |
|
|
|a 36789
|
| 040 |
|
|
|a vLex
|
| 090 |
|
|
|c 13671
|d 13671
|
| 100 |
1 |
|
|a Santos Cabette, Eduardo Luiz
|
| 245 |
1 |
0 |
|a Estatuto do delegado de polc̕ia comentado
|h [Recurso electrn̤ico] :
|b Lei nð 12.830, de 20 de junho de 2013 /
|c Eduardo Luiz Santos Cabette, Francisco Sannini Neto
|
| 256 |
|
|
|a Servicio en ln̕ea
|
| 260 |
|
|
|a Rio de Janeiro:
|b Editora Processo,
|c 2017
|
| 300 |
|
|
|a 1 recurso electrn̤ico
|
| 500 |
|
|
|a A obra ̌de grande interesse q̉ueles que querem um primeiro contato sistemt̀ico e abrangente com a cin̊cia em questô, conhecendo a importńcia da carreira jurd̕ica do Delegado de Polc̕ia, suas atribuiė̳s, seus princp̕ios e sua atual posiȯ̂ dentro do cenr̀io constitucional pt̀rio. Este livro apresenta uma anl̀ise detalhada sobre a Lei 12.830/2013, lei que serviu como um verdadeiro divisor de g̀uas no campo da Investigaȯ̂ Criminal no Brasil, abordando os objetos da lei em questô, o Delegado de Polc̕ia e suas funė̳s, sua natureza jurd̕ica, a essencialidade, a exclusividade da investigaȯ̂, a conduȯ̂ da investigaȯ̂ pelo Delegado de Polc̕ia, o seu poder requisitr̤io, sua autonomia funcional e a independn̊cia tčnico-jurd̕ica. Ainda, cuida do conceito de Autoridade Policial, deixando claro quem exerce esse verdadeiro papel no Processo Penal pt̀rio.
|
| 506 |
1 |
|
|a Disponible solo en los productos indicados
|d vLex Global
|d vLex Global (Academic Edition, excluding Law Schools)
|d vLex Global (U.S. Academic Edition, Law Schools)
|d vLex Global (U.S. Academic Edition, excluding Law Schools)
|d vLex Global (Academic Edition, Law Schools)
|
| 650 |
0 |
4 |
|a Derecho Pb︢lico y Administrativo
|z Brasil
|
| 700 |
1 |
|
|a Sannini Neto, Francisco
|
| 740 |
0 |
|
|a vLex Libros (Servicio en ln̕ea)
|
| 856 |
4 |
0 |
|u https://app.vlex.com/#/sources/36789
|z Acceso restringido
|
| 942 |
|
|
|c BOOK
|
| 999 |
0 |
|
|a Public and Administrative Law
|